[Event "Leverkusen Bayer op 10th"]
[Site "Leverkusen"]
[Date "2012.01.25"]
[Round "2"]
[White "Hoffmann, Hans Paul"]
[Black "Wotzka, Anton"]
[Result "1-0"]
[WhiteElo "1837"]
[BlackElo "1598"]
[PlyCount "73"]
[EventDate "2012.01.11"]
[EventType "swiss"]
[EventRounds "7"]
[EventCountry "GER"]
[SourceTitle "EXT 2014"]
[Source "ChessBase"]
[SourceDate "2013.11.20"]
[SourceVersion "1"]
[SourceVersionDate "2013.11.20"]
[SourceQuality "1"]

1. Nf3 Nf6 2. c4 e6 3. Nc3 d5 4. d4 c6 5. e3 Be7 6. Be2 0-0 7. 0-0 dxc4 8. Bxc4 c5 9. dxc5 Bxc5 10. b3 Nc6 11. Qe2 Qe7 12. Bb2 a6 13. a4 Rd8 14. Rfd1 b6 15. Nd2 Bb7 16. Nde4 Nxe4 17. Nxe4 Qh4 18. Nxc5 bxc5 19. Bc3 Nb4 20. f3 Qg5 21. Rac1 Na2 22. Rxd8+ Rxd8 23. Rc2 Nb4 24. Rd2 a5 25. Rxd8+ Qxd8 26. Qd2 Qc7 27. e4 h6 28. Bb5 Kf8 29. Qb2 f6 30. Qc1 Na2 31. Qd2 Nxc3 32. Qxc3 Qb6 33. Bc4 e5 34. Kf2 Qd8 35. Bd5 Bxd5 36. Qxc5+ Ke8 37. exd5 1-0

[Event "Leverkusen Bayer op 10th"]
[Site "Leverkusen"]
[Date "2012.01.11"]
[Round "1"]
[White "Rotstein, Jefim"]
[Black "Hoffmann, Hans Paul"]
[Result "1-0"]
[WhiteElo "2304"]
[BlackElo "1837"]
[PlyCount "105"]
[EventDate "2012.01.11"]
[EventType "swiss"]
[EventRounds "7"]
[EventCountry "GER"]
[SourceTitle "EXT 2014"]
[Source "ChessBase"]
[SourceDate "2013.11.20"]
[SourceVersion "1"]
[SourceVersionDate "2013.11.20"]
[SourceQuality "1"]

1. d4 d5 2. Nf3 e6 3. e3 f5 4. c4 c6 5. Bd3 Nf6 6. 0-0 Be7 7. b3 0-0 8. Ba3 Bd7 9. Bxe7 Qxe7 10. Ne5 Be8 11. Nd2 Nbd7 12. Nxd7 Qxd7 13. b4 Bh5 14. Qb3 Ne4 15. Qb2 Qe7 16. f4 Nf6 17. a4 Bf7 18. Nf3 dxc4 19. Bxc4 Nd5 20. Bxd5 exd5 21. Ne5 Be8 22. b5 cxb5 23. axb5 a6 24. bxa6 bxa6 25. Rfc1 Bb5 26. Rc5 Rad8 27. Rac1 Qe6 28. Qb3 Rfe8 29. R1c3 h6 30. Qc2 Kh7 31. Rc7 Rf8 32. Rb7 Bc4 33. Kf2 Rc8 34. g4 Qf6 35. Kg3 h5 36. Qxf5+ Qxf5 37. gxf5 Rxf5 38. e4 h4+ 39. Kg4 Rxe5 40. Rxc4 dxc4 41. fxe5 c3 42. Rb1 Kg6 43. d5 Kf7 44. e6+ Kg6 45. d6 Kf6 46. e7 Ke6 47. e5 c2 48. Rc1 Rc4+ 49. Kh5 Kd7 50. e6+ Ke8 51. Rf1 Rc5+ 52. Kg6 c1Q 53. Rf8# 1-0

[Event "Cologne Ford op 17th"]
[Site "Cologne"]
[Date "2011.05.23"]
[Round "6"]
[White "Hoffmann, Hans Paul"]
[Black "Grosse Gehling, Thomas"]
[Result "1/2-1/2"]
[WhiteElo "1873"]
[BlackElo "1665"]
[PlyCount "106"]
[EventDate "2011.04.12"]
[EventType "swiss"]
[EventRounds "7"]
[EventCountry "GER"]
[SourceTitle "EXT 2012"]
[Source "ChessBase"]
[SourceDate "2011.11.24"]
[SourceVersion "1"]
[SourceVersionDate "2011.11.24"]
[SourceQuality "1"]

1. Nf3 e6 2. d4 b5 3. e3 a6 4. c4 bxc4 5. Bxc4 Bb7 6. 0-0 Nf6 7. Nc3 Be7 8. Re1 0-0 9. a3 d6 10. b4 Nbd7 11. Bb2 Nb6 12. Be2 c5 13. bxc5 dxc5 14. Na4 Nbd7 15. dxc5 Ne4 16. Nb6 Nxb6 17. Qxd8 Rfxd8 18. cxb6 Bc5 19. Bd4 Bxd4 20. Nxd4 Rd6 21. Bf3 Rxb6 22. Rab1 Rxb1 23. Rxb1 Rc8 24. h3 Bd5 25. Rb6 g6 26. Bxe4 Bxe4 27. Rxa6 Kf8 28. Ra7 Ra8 29. Rxa8+ Bxa8 30. f4 h5 31. g4 hxg4 32. hxg4 Be4 33. Kf1 Ke7 34. Ke1 Kd6 35. Kd2 Kd5 36. Kc3 e5 37. Nb5 exf4 38. exf4 Bf3 39. g5 Be2 40. a4 Kc5 41. Nd4 Ba6 42. Nf3 Bc8 43. Ne5 Be6 44. a5 Kb5 45. Kd4 Kxa5 46. Nc6+ Kb6 47. Ne7 Kc7 48. Ke5 Kd7 49. Kf6 Bb3 50. Nxg6 fxg6 51. Kxg6 Ke7 52. Kf5 Bg8 53. g6 Bb3 1/2-1/2

[Event "Cologne Ford op 17th"]
[Site "Cologne"]
[Date "2011.05.09"]
[Round "4"]
[White "Rikowski, Artur"]
[Black "Hoffmann, Hans Paul"]
[Result "0-1"]
[WhiteElo "1500"]
[BlackElo "1873"]
[PlyCount "88"]
[EventDate "2011.04.12"]
[EventType "swiss"]
[EventRounds "7"]
[EventCountry "GER"]
[SourceTitle "EXT 2012"]
[Source "ChessBase"]
[SourceDate "2011.11.24"]
[SourceVersion "1"]
[SourceVersionDate "2011.11.24"]
[SourceQuality "1"]

1. e4 d5 2. e5 c5 3. d4 e6 4. c3 Nc6 5. Nf3 Qb6 6. Na3 cxd4 7. cxd4 Bb4+ 8. Bd2 Nh6 9. Nb5 Bxd2+ 10. Qxd2 Nf5 11. Bd3 a6 12. Bxf5 axb5 13. Bd3 Bd7 14. Be2 h6 15. 0-0 0-0 16. a3 Na5 17. Qd1 Nc4 18. Qb3 Rfc8 19. Rfc1 Qa5 20. Rc2 b4 21. Rcc1 bxa3 22. Bxc4 dxc4 23. Qxa3 Qxa3 24. bxa3 Ra4 25. Rc3 b5 26. Re1 Bc6 27. Ree3 Rd8 28. Kf1 Bxf3 29. Rxf3 Rxd4 30. Rfe3 Kf8 31. Ke2 Ke7 32. f3 Kd7 33. g3 Kc6 34. f4 Kc5 35. Kf3 b4 36. axb4+ Kxb4 37. Rc1 Ra3 38. Rxa3 Kxa3 39. Rb1 c3 40. Ke3 c2 41. Rc1 Rc4 42. Kd3 Kb2 43. Rf1 c1Q 44. Rxc1 Rxc1 0-1

[Event "Cologne Chess Days op"]
[Site "Cologne"]
[Date "2009.08.29"]
[Round "5"]
[White "Hoffmann, Hans Paul"]
[Black "Hirth, Ulrich"]
[Result "0-1"]
[WhiteElo "1917"]
[BlackElo "2119"]
[PlyCount "108"]
[EventDate "2009.08.27"]
[EventType "swiss"]
[EventRounds "7"]
[EventCountry "GER"]
[SourceTitle "EXT 2011"]
[Source "ChessBase"]
[SourceDate "2010.11.26"]
[SourceVersion "1"]
[SourceVersionDate "2010.11.26"]
[SourceQuality "1"]

1. Nf3 g6 2. c4 Bg7 3. Nc3 e5 4. e4 Nc6 5. d3 d6 6. Be2 Nge7 7. Be3 Nd4 8. Bxd4 exd4 9. Nb1 c5 10. 0-0 a6 11. Nbd2 0-0 12. Re1 Nc6 13. a3 b5 14. cxb5 axb5 15. a4 Nb4 16. Ra3 Bd7 17. axb5 Bxb5 18. Nc4 Bxc4 19. dxc4 Ra5 20. Qd2 Qa8 21. Rxa5 Qxa5 22. Bd3 Ra8 23. Kf1 Nc6 24. Qxa5 Rxa5 25. Rb1 Kf8 26. Ke2 Ke7 27. g3 h6 28. Nd2 Kd7 29. Nf3 Kc7 30. Nd2 Ra2 31. Nb3 Kb6 32. Nc1 Ra4 33. Nb3 Rb4 34. Nd2 Na5 35. Kd1 h5 36. h4 Bh6 37. f4 f6 38. Kc2 g5 39. hxg5 fxg5 40. f5 g4 41. f6 Kc7 42. Rh1 Bxd2 43. Rxh5 Be3 44. Rh8 Rb8 45. Rh7+ Kb6 46. f7 Rf8 47. Be2 Nc6 48. Bxg4 Ne5 49. Be6 Kc7 50. g4 Kd8 51. g5 Bxg5 52. Rg7 Be3 53. Bd5 Ke7 54. b3 Nxf7 0-1

[Event "Cologne Chess Days op"]
[Site "Cologne"]
[Date "2009.08.29"]
[Round "4"]
[White "Hoffmann, Hans Paul"]
[Black "Schreiber, Gudrun"]
[Result "1-0"]
[WhiteElo "1917"]
[BlackElo "1381"]
[PlyCount "48"]
[EventDate "2009.08.27"]
[EventType "swiss"]
[EventRounds "7"]
[EventCountry "GER"]
[SourceTitle "EXT 2011"]
[Source "ChessBase"]
[SourceDate "2010.11.26"]
[SourceVersion "1"]
[SourceVersionDate "2010.11.26"]
[SourceQuality "1"]

1. c4 Nf6 2. Nc3 g6 3. g3 Bg7 4. Bg2 0-0 5. d4 c6 6. e4 d6 7. Nge2 e5 8. 0-0 Bg4 9. h3 Bxe2 10. Nxe2 Qb6 11. dxe5 dxe5 12. Qc2 Na6 13. Be3 Qc7 14. a3 b6 15. b4 c5 16. b5 Nb8 17. Nc3 Nbd7 18. Rfd1 Rad8 19. Rd3 Nb8 20. Rad1 Rxd3 21. Qxd3 Qc8 22. g4 Qe6 23. g5 Nh5 24. Nd5 Nf4 1-0

[Event "Cologne Chess Days op"]
[Site "Cologne"]
[Date "2009.08.28"]
[Round "3"]
[White "Sicars, Thorsten"]
[Black "Hoffmann, Hans Paul"]
[Result "1-0"]
[WhiteElo "1912"]
[BlackElo "1917"]
[PlyCount "87"]
[EventDate "2009.08.27"]
[EventType "swiss"]
[EventRounds "7"]
[EventCountry "GER"]
[SourceTitle "EXT 2011"]
[Source "ChessBase"]
[SourceDate "2010.11.26"]
[SourceVersion "1"]
[SourceVersionDate "2010.11.26"]
[SourceQuality "1"]

1. d4 d5 2. Nf3 e6 3. e3 f5 4. c4 c6 5. Bd3 Nf6 6. 0-0 Be7 7. b3 0-0 8. Ba3 Bd7 9. Bxe7 Qxe7 10. Ne5 Be8 11. Qc2 Nbd7 12. Nxd7 Qxd7 13. cxd5 cxd5 14. Nc3 Rc8 15. Qb2 Qe7 16. Rfc1 Bc6 17. b4 Ne4 18. b5 Bd7 19. Ne2 Rxc1+ 20. Rxc1 Rc8 21. Rxc8+ Bxc8 22. Bxe4 fxe4 23. Qc3 Qd7 24. a4 Kf7 25. h4 a6 26. Qc5 axb5 27. axb5 Qd8 28. Nc3 Bd7 29. Qd6 Qc8 30. Qb4 Qa8 31. g3 Qa1+ 32. Kg2 h5 33. Ne2 e5 34. Qd6 Bg4 35. Qxd5+ Kf8 36. Ng1 exd4 37. Qxe4 dxe3 38. Qxe3 Qb2 39. Qc5+ Kg8 40. Qd5+ Kh7 41. Qe4+ Kg8 42. Qxb7 Be6 43. Nf3 Bc4 44. Qc8+ 1-0

[Event "Cologne Chess Days op"]
[Site "Cologne"]
[Date "2009.08.27"]
[Round "1"]
[White "Khanukov, Boris"]
[Black "Hoffmann, Hans Paul"]
[Result "1/2-1/2"]
[WhiteElo "2379"]
[BlackElo "1917"]
[PlyCount "118"]
[EventDate "2009.08.27"]
[EventType "swiss"]
[EventRounds "7"]
[EventCountry "GER"]
[SourceTitle "EXT 2011"]
[Source "ChessBase"]
[SourceDate "2010.11.26"]
[SourceVersion "1"]
[SourceVersionDate "2010.11.26"]
[SourceQuality "1"]

1. d4 d5 2. c4 e6 3. Nc3 f5 4. g3 c6 5. Bg2 Nf6 6. Nf3 Be7 7. 0-0 0-0 8. b3 Bd7 9. Ne5 Be8 10. Qc2 Nbd7 11. Bb2 Nxe5 12. dxe5 Ng4 13. cxd5 cxd5 14. h3 Nh6 15. e3 Rc8 16. Qd3 Bc6 17. Ne2 Nf7 18. f4 Qd7 19. Nd4 Bc5 20. Rfc1 Bxd4 21. Qxd4 b6 22. a4 Bb7 23. Bf1 Rxc1 24. Rxc1 Rc8 25. Qb4 Rxc1 26. Bxc1 d4 27. Ba3 h6 28. Qxd4 Qc6 29. e4 fxe4 30. Qc4 Qd7 31. Bc1 Bd5 32. Qc3 Nd8 33. Be3 Nc6 34. b4 Ne7 35. a5 bxa5 36. bxa5 Nf5 37. g4 Ng3 38. Ba6 Bb7 39. Kg2 Qd1 40. Bxb7 Qf3+ 41. Kh2 Nf1+ 42. Kg1 Nxe3 43. Qb2 Qf1+ 44. Kh2 Qxf4+ 45. Kh1 Qf3+ 46. Kh2 Qf4+ 47. Kh1 Nf1 48. Ba6 Ng3+ 49. Kg2 Qf3+ 50. Kg1 h5 51. Qg2 Qf4 52. gxh5 Nxh5 53. Be2 Qe3+ 54. Qf2 Qxh3 55. Bxh5 Qxh5 56. Qxa7 Qg5+ 57. Kf1 Qc1+ 58. Ke2 Qc2+ 59. Ke1 Qc1+ 1/2-1/2

[Event "Leverkusen-ch op"]
[Site "Leverkusen"]
[Date "2005.01.31"]
[Round "3"]
[White "Hoffmann, Hans Paul"]
[Black "Depping, Thomas"]
[Result "1-0"]
[WhiteElo "1907"]
[BlackElo "1669"]
[PlyCount "93"]
[EventDate "2005.01.10"]
[EventType "swiss"]
[EventRounds "9"]
[EventCountry "GER"]
[SourceTitle "EXT 2006"]
[Source "ChessBase"]
[SourceDate "2005.11.24"]
[SourceVersion "1"]
[SourceVersionDate "2005.11.24"]
[SourceQuality "1"]

1. Nf3 d5 2. d4 c6 3. Bf4 Bf5 4. e3 Nf6 5. Be2 e6 6. 0-0 Bd6 7. Ne5 Qc7 8. Nd2 Nbd7 9. Ndf3 Ng4 10. Nxf7 Bxf4 11. exf4 Qxf4 12. Nxh8 Ke7 13. Qd2 Qxd2 14. Nxd2 Ngf6 15. c3 Rxh8 16. f3 h5 17. Rae1 Kd6 18. Nb3 b6 19. Nc1 e5 20. dxe5+ Nxe5 21. Rd1 Re8 22. Rfe1 b5 23. Bd3 Nxd3 24. Nxd3 Rxe1+ 25. Nxe1 c5 26. Kf2 c4 27. g3 Nd7 28. Ng2 Nc5 29. Nf4 Nd3+ 30. Nxd3 Bxd3 31. Ke3 Bf5 32. Kd4 g6 33. Re1 Be6 34. Re5 Bf7 35. f4 Be6 36. h3 a6 37. g4 hxg4 38. hxg4 Bxg4 39. Rxd5+ Kc6 40. Ke5 Bf5 41. Rd6+ Kb7 42. Rf6 Bb1 43. a3 Bc2 44. Kd5 Bd3 45. Kc5 Bf5 46. Rf7+ Kb8 47. Kb6 1-0

[Event "Leverkusen op"]
[Site "Leverkusen"]
[Date "2004.05.03"]
[Round "9"]
[White "Hoffmann, Hans Paul"]
[Black "Peters, Ortwin"]
[Result "1/2-1/2"]
[WhiteElo "1896"]
[BlackElo "2145"]
[PlyCount "43"]
[EventDate "2004.01.12"]
[EventType "swiss"]
[EventRounds "9"]
[EventCountry "GER"]
[SourceTitle "EXT 2006"]
[Source "ChessBase"]
[SourceDate "2005.11.24"]
[SourceVersion "1"]
[SourceVersionDate "2005.11.24"]
[SourceQuality "1"]

1. Nf3 d5 2. d4 Nf6 3. Bf4 Bf5 4. e3 Nbd7 5. Bd3 Bxd3 6. cxd3 e6 7. 0-0 Be7 8. Nc3 c6 9. Ne5 0-0 10. Qe2 Nxe5 11. dxe5 Nd7 12. d4 f5 13. exf6 Bxf6 14. Bd6 Re8 15. f4 Nb6 16. Be5 Nc4 17. Bxf6 Qxf6 18. Na4 Rad8 19. Nc5 Nd6 20. Rac1 Re7 21. Nd3 Ne4 22. Ne5 1/2-1/2

[Event "Leverkusen op"]
[Site "Leverkusen"]
[Date "2004.03.01"]
[Round "5"]
[White "Hoffmann, Hans Paul"]
[Black "Schockenbaeumer, Dirk"]
[Result "1/2-1/2"]
[WhiteElo "1896"]
[BlackElo "2199"]
[PlyCount "55"]
[EventDate "2004.01.12"]
[EventType "swiss"]
[EventRounds "9"]
[EventCountry "GER"]
[SourceTitle "EXT 2006"]
[Source "ChessBase"]
[SourceDate "2005.11.24"]
[SourceVersion "1"]
[SourceVersionDate "2005.11.24"]
[SourceQuality "1"]

1. Nf3 Nf6 2. d4 g6 3. Bf4 Bg7 4. e3 b6 5. Be2 Bb7 6. 0-0 0-0 7. c4 d6 8. Nc3 Nbd7 9. Qc2 Re8 10. Rad1 Qb8 11. e4 e5 12. dxe5 Nxe5 13. Nxe5 dxe5 14. Be3 c6 15. c5 Qc7 16. cxb6 axb6 17. Nb5 Qb8 18. Nd6 Rd8 19. Nc4 c5 20. f3 Qc7 21. Qb3 Ba6 22. a4 Rab8 23. Rxd8+ Rxd8 24. Rd1 Rxd1+ 25. Bxd1 Nd7 26. Be2 h6 27. h3 Bf6 28. Kf2 1/2-1/2

[Event "Leverkusen op"]
[Site "Leverkusen"]
[Date "2004.02.16"]
[Round "4"]
[White "Gnass, Arno"]
[Black "Hoffmann, Hans Paul"]
[Result "0-1"]
[WhiteElo "1697"]
[BlackElo "1896"]
[PlyCount "106"]
[EventDate "2004.01.12"]
[EventType "swiss"]
[EventRounds "9"]
[EventCountry "GER"]
[SourceTitle "EXT 2006"]
[Source "ChessBase"]
[SourceDate "2005.11.24"]
[SourceVersion "1"]
[SourceVersionDate "2005.11.24"]
[SourceQuality "1"]

1. d4 d5 2. c4 c6 3. e3 Nf6 4. Nf3 e6 5. Nc3 Be7 6. Be2 0-0 7. 0-0 Nbd7 8. b3 Ne8 9. Bb2 f5 10. Rc1 Bd6 11. cxd5 exd5 12. Na4 Qe7 13. Qc2 Nef6 14. Nc5 Ne4 15. Nd3 Rf6 16. Nfe5 Rh6 17. g3 Nxe5 18. Nxe5 Be6 19. Bd3 Rf8 20. f4 Qe8 21. Nf3 Qh5 22. Qg2 Nf6 23. Rc2 Ng4 24. Bc1 a5 25. Be2 a4 26. Bd1 axb3 27. axb3 Ra8 28. Ne5 Bxe5 29. dxe5 Ra1 30. Bxg4 Qxg4 31. Qe2 Qxe2 32. Rxe2 d4 33. exd4 Bxb3 34. Rb2 Bc4 35. Re1 b5 36. h4 Re6 37. Kf2 Re8 38. Bd2 Rea8 39. Rxa1 Rxa1 40. Be1 Kf7 41. h5 Ke6 42. Bb4 Rh1 43. Ke3 Rxh5 44. Rg2 Rh3 45. Kf2 Bd5 46. Rg1 Rh2+ 47. Ke3 Rb2 48. Bf8 h5 49. Bxg7 b4 50. Bf8 b3 51. Bb4 Be4 52. Rh1 Rg2 53. Rh3 b2 0-1

[Event "Leverkusen op"]
[Site "Leverkusen"]
[Date "2004.02.02"]
[Round "3"]
[White "Hoffmann, Hans Paul"]
[Black "Hegmann, Werner"]
[Result "1/2-1/2"]
[WhiteElo "1896"]
[BlackElo "1669"]
[PlyCount "81"]
[EventDate "2004.01.12"]
[EventType "swiss"]
[EventRounds "9"]
[EventCountry "GER"]
[SourceTitle "EXT 2006"]
[Source "ChessBase"]
[SourceDate "2005.11.24"]
[SourceVersion "1"]
[SourceVersionDate "2005.11.24"]
[SourceQuality "1"]

1. Nf3 d6 2. d4 f6 3. e4 e6 4. Bd3 g6 5. c4 c6 6. Nc3 Bg7 7. Be3 Ne7 8. Qd2 Nd7 9. 0-0 0-0 10. Rad1 b6 11. Rfe1 Bb7 12. Bc2 d5 13. exd5 cxd5 14. Bh6 dxc4 15. Bxg7 Kxg7 16. Rxe6 Bxf3 17. gxf3 a6 18. Rde1 Ng8 19. Qe3 b5 20. Be4 Ra7 21. f4 f5 22. Bc6 Ndf6 23. d5 Qc7 24. Qe5 Rc8 25. Qd4 Rd8 26. Bxb5 axb5 27. Nxb5 Rxd5 28. Qxa7 Qxa7 29. Nxa7 Ra5 30. Nc8 Rxa2 31. Rb6 Nd5 32. Rb7+ Kh6 33. Nd6 Ngf6 34. Nf7+ Kh5 35. Ne5 Nxf4 36. Nxc4 Kg5 37. Ne5 h6 38. Rb3 Ne4 39. Nc4 Ra4 40. Na3 Rd4 41. f3 1/2-1/2

[Event "Leverkusen op"]
[Site "Leverkusen"]
[Date "2004.01.26"]
[Round "2"]
[White "Elsweiler, Karl Heinz"]
[Black "Hoffmann, Hans Paul"]
[Result "0-1"]
[WhiteElo "1659"]
[BlackElo "1896"]
[PlyCount "56"]
[EventDate "2004.01.12"]
[EventType "swiss"]
[EventRounds "9"]
[EventCountry "GER"]
[SourceTitle "EXT 2006"]
[Source "ChessBase"]
[SourceDate "2005.11.24"]
[SourceVersion "1"]
[SourceVersionDate "2005.11.24"]
[SourceQuality "1"]

1. d4 d5 2. Nf3 Nf6 3. g3 c6 4. Bg2 Bf5 5. Nbd2 e6 6. 0-0 Be7 7. Re1 Nbd7 8. a3 h6 9. b4 0-0 10. Bb2 a5 11. c3 Ne4 12. Nb3 axb4 13. axb4 Qc7 14. Nfd2 Rxa1 15. Qxa1 Nxd2 16. Nxd2 Nb6 17. e4 dxe4 18. Bxe4 Bxe4 19. Rxe4 Ra8 20. Qb1 Bf6 21. h4 Qd8 22. Nf3 Nc4 23. Bc1 Qd5 24. Rf4 Bd8 25. Nh2 Bc7 26. Rg4 Qf5 27. Qe4 Ra1 28. Qe1 Qb1 0-1